000 00724nam a2200253 a 4500
008
020 _a0256105286 (pbk.)
049 _aMAIN
090 _aHD31
100 1 _aDuBrin, Andrew J.
245 1 0 _aContemporary applied management :
_bskills for managers /
_cAndrew J. DuBrin.
250 _a4th ed.
260 _aBurr Ridge, Ill. :
_bIrwin,
_c1994.
300 _axvi, 332 p. ;
_c23 cm.
504 _aIncludes bibliographical references.
500 _aIncludes index.
650 0 _aManagement.
650 0 _aOrganizational behavior.
907 _a.b10018396
_b14-07-03
_c17-04-03
003
005 20230123133330.0
040 _cNUST
942 _cBOOKS
_kHD31
999 _c146759
_d146759